东汉郡级行政区(140年)- 地图版 - Statistics

General Stats
  • This quiz has been taken 159 times
  • The average score is 52 of 103
Answers on the Map
Answers color-coded by a green-red scale on the quiz's map according to % correct below.
 
Answer Stats
刺史部 郡/国/属国 % Correct
荆州 长沙郡
83%
交州 南海郡
82%
扬州 吴郡
81%
益州 汉中郡
80%
益州 巴郡
80%
幽州 辽东郡
80%
扬州 会稽郡
79%
交州 交趾郡
79%
荆州 南阳郡
78%
益州 蜀郡
76%
凉州 张掖郡
74%
并州 太原郡
71%
幽州 乐浪郡
71%
凉州 武威郡
71%
凉州 酒泉郡
71%
扬州 豫章郡
70%
荆州 零陵郡
70%
司隶 河东郡
69%
凉州 敦煌郡
69%
司隶 河内郡
68%
司隶 右扶风
66%
司隶 河南尹
66%
幽州 渔阳郡
66%
豫州 陈国
65%
荆州 武陵郡
65%
幽州 辽西郡
65%
荆州 江夏郡
64%
青州 齐国
62%
徐州 东海郡
62%
交州 日南郡
61%
荆州 南郡
60%
并州 五原郡
60%
徐州 琅邪国
59%
荆州 桂阳郡
59%
冀州 赵国
58%
司隶 京兆尹
57%
冀州 魏郡
57%
青州 北海国
57%
交州 九真郡
57%
并州 上党郡
57%
司隶 左冯翊
56%
并州 雁门郡
56%
幽州 代郡
56%
豫州 鲁国
55%
幽州 玄菟郡
55%
冀州 常山国
54%
青州 济南国
54%
徐州 广陵郡
54%
幽州 右北平郡
54%
扬州 九江郡
53%
凉州 金城郡
52%
冀州 渤海郡
51%
交州 苍梧郡
51%
豫州 沛国
50%
并州 云中郡
50%
凉州 北地郡
50%
凉州 陇西郡
50%
豫州 汝南郡
49%
兖州 陈留郡
48%
扬州 庐江郡
48%
扬州 丹阳郡
48%
司隶 弘农郡
47%
豫州 颍川郡
47%
冀州 河间国
47%
并州 上郡
47%
交州 合浦郡
46%
冀州 中山国
45%
兖州 泰山郡
45%
益州 牂牁郡
45%
幽州 上谷郡
45%
兖州 济北国
44%
徐州 下邳国
44%
并州 朔方郡
44%
益州 益州郡
43%
青州 平原郡
41%
益州 犍为郡
41%
幽州 涿郡
41%
凉州 武都郡
41%
冀州 清河国
39%
兖州 东郡
39%
交州 郁林郡
38%
青州 东莱郡
36%
徐州 彭城国
35%
豫州 梁国
34%
冀州 钜鹿郡
32%
益州 广汉郡
32%
兖州 山阳郡
31%
凉州 安定郡
31%
益州 永昌郡
30%
幽州 广阳郡
30%
幽州 辽东属国
29%
并州 西河郡
26%
益州 越巂郡
24%
益州 蜀郡属国
24%
并州 定襄郡
23%
益州 广汉属国
21%
益州 犍为属国
21%
凉州 汉阳郡
21%
兖州 济阴郡
20%
冀州 安平国
16%
兖州 东平国
16%
兖州 任城国
15%
青州 乐安国
9%
No matching quizzes found
Score Distribution
Percent of People with Each Score
Percentile by Number Answered
Your Score History
You have not taken this quiz